UBT Library

NETTER'S GASTROINTESTINAL ANATOMY AND MOTILITY (Record no. 9871)

000 -LEADER
fixed length control field 00287nam a22001217a 4500
008 - FIXED-LENGTH DATA ELEMENTS--GENERAL INFORMATION
fixed length control field 170405b xxu||||| |||| 00| 0 eng d
041 ## - LANGUAGE CODE
Language code of text/sound track or separate title eng
080 ## - UNIVERSAL DECIMAL CLASSIFICATION NUMBER
Universal Decimal Classification number 616.34
100 ## - Rafti
Rafti 9
101 ## - Shkurtesa
Shkurtesa SHM
245 ## - TITLE STATEMENT
Title NETTER'S GASTROINTESTINAL ANATOMY AND MOTILITY
Statement of responsibility, etc NETTER, F.H
942 ## - ADDED ENTRY ELEMENTS (KOHA)
Source of classification or shelving scheme
Item type Books
Holdings
Withdrawn status Lost status Source of classification or shelving scheme Damaged status Not for loan Collection code Permanent location Current location Shelving location Date acquired Total Checkouts Full call number Barcode Date last seen Price effective from Koha item type
          Koleksioni i përgjithshem UBT - Lipjan UBT - Lipjan Koleksioni i përgjithshem 04/05/2017   616.34 NET 002-278714 04/05/2017 04/05/2017 Books
          Koleksioni i përgjithshem UBT - Lipjan UBT - Lipjan Koleksioni i përgjithshem 04/05/2017   616.34 NET 002-278719 04/05/2017 04/05/2017 Books
UBT Library © 2015-2024. All rights reserved University Education for Business and Technology